| 000 | 00537nam a2200181Ia 4500 | ||
|---|---|---|---|
| 001 | 5126 | ||
| 005 | 20260306145845.0 | ||
| 008 | 260306t2007||||xx |||||||||||||| ||spa|| | ||
| 041 | _aESP | ||
| 082 |
_a333.72 _bG36 2007 |
||
| 100 |
_aSeminario Permanente de Investigación Agraria _eAUT |
||
| 245 | 0 |
_aGéneros y gestión de recursos naturales: _bresúmenes de investigaciones, experiencias y lecciones aprendidas |
|
| 260 | _c2007 | ||
| 300 |
_a150 páginas : _c24 cm. |
||
| 650 | _aGEN | ||
| 654 | _aCAN | ||
| 942 |
_cLIB _dJUS _fJUS _2ddc _n |
||
| 999 |
_c5126 _d5126 |
||